|
|
|
|
| LEADER |
00697cam a2200229 7i4500 |
| 001 |
0000037029 |
| 005 |
20221116090000.0 |
| 007 |
##ta |
| 008 |
221116r2016 my e may |
| 020 |
# |
# |
|a 9789673652730
|
| 040 |
# |
# |
|a MATR
|
| 090 |
0 |
# |
|a FM 899.2333
|b ZAR
|
| 100 |
0 |
# |
|a Zara Ryana
|e author
|
| 245 |
1 |
0 |
|a TANPA AWAK MACAM NAK GILA!
|c ZARA RYANA.
|
| 264 |
# |
1 |
|a Kuala Lumpur:
|b Penerbitan Fajar Pakeer,
|c 2016.
|
| 300 |
# |
# |
|a 580 pages:
|b illustrations;
|c 19 cm.
|
| 336 |
# |
# |
|a text
|2 rdacontent
|
| 337 |
# |
# |
|a unmediated
|2 rdamedia
|
| 338 |
# |
# |
|a volume
|2 rdacarrier
|
| 650 |
# |
0 |
|a Malay fiction
|
| 650 |
# |
0 |
|a Malaysian fiction (Malay)
|
| 999 |
|
|
|a 0000041843
|b Book
|c Book
|e Business Information Centre
|